[Event "NZL-ch U18"]
[Site "Auckland"]
[Date "1999.??.??"]
[Round "2"]
[White "Yang, JC."]
[Black "Bjelobrk, Igor"]
[Result "0-1"]
[WhiteElo "1259"]
[BlackElo "2034"]
[PlyCount "76"]
[EventDate "1999.??.??"]
[EventType "swiss"]
[EventRounds "7"]
[EventCountry "NZL"]
[SourceTitle "EXT 2003"]
[Source "ChessBase"]
[SourceDate "2002.11.25"]
[SourceVersion "1"]
[SourceVersionDate "2002.11.25"]
[SourceQuality "1"]

1. e4 g6 2. Nf3 Bg7 3. Bc4 c6 4. Ng5 d5 5. exd5 cxd5 6. Bb5+ Nc6 7. c3 e5 8. d3 Nf6 9. 0-0 0-0 10. Re1 Re8 11. Nf3 Bg4 12. h3 Bxf3 13. Qxf3 Qb6 14. Bxc6 bxc6 15. Na3 e4 16. dxe4 Nxe4 17. Qe3 Nd6 18. Qd2 Rxe1+ 19. Qxe1 Re8 20. Qd2 Ne4 21. Qe2 Re6 22. Be3 c5 23. Qb5 d4 24. Qxb6 Rxb6 25. Nc4 dxe3 26. Nxb6 exf2+ 27. Kf1 axb6 28. Rc1 Bh6 29. Rd1 Be3 30. Ke2 Ng3+ 31. Kxe3 f1Q 32. Rxf1 Nxf1+ 33. Kf3 f5 34. b3 Kf7 35. g4 Ke6 36. a4 Nd2+ 37. Kf4 Nxb3 38. gxf5+ gxf5 0-1